Die Beweislastumkehr im Strafrecht: Geldwäsche, Vermögenseinziehung, Hehlerei ; de lege lata et ferenda

Saved in:  
Bibliographic Details
Main Author: Feigen, Peter (Author)
Format: Print Book
Language:German
Published: Herdecke GCA-Verl. 1998
In:Year: 1998
Edition:Als Ms. gedr.
Availability in Tübingen:Present in Tübingen.
IFK: F II 243
Check availability: HBZ Gateway
Subito Delivery Service: Order now.
Keywords:

MARC

LEADER 00000cam a2200000 c 4500
001 250931141
003 DE-627
005 20260206203658.0
007 tu
008 981106s1998 gw ||||| m 00| ||ger c
015 |a 98,N47,0170  |2 dnb 
015 |a 99,H05,0317  |2 dnb 
016 7 |a 954913574  |2 DE-101 
020 |a 392897341X  |c  : DM 88.00, sfr 80.00, S 642.00 (kart.)  |9 3-928973-41-X 
035 |a (DE-627)250931141 
035 |a (DE-603)060394250 
035 |a (DE-576)070534985 
035 |a (DE-599)GBV250931141 
035 |a (OCoLC)237345006 
035 |a (OCoLC)237345006 
035 |a (OCoLC)67967743 
040 |a DE-627  |b ger  |c DE-627  |e rakwb 
041 |a ger 
044 |c XA-DE 
084 |a 19  |2 sdnb 
084 |a PH 3960  |2 rvk  |0 (DE-625)rvk/136099: 
084 |a PH 4850  |2 rvk  |0 (DE-625)rvk/136155: 
084 |a PH 4730  |2 rvk  |0 (DE-625)rvk/136146: 
084 |a 86.34  |2 bkl 
100 1 |a Feigen, Peter  |4 aut 
245 1 4 |a Die Beweislastumkehr im Strafrecht  |b Geldwäsche, Vermögenseinziehung, Hehlerei ; de lege lata et ferenda  |c Peter Feigen 
250 |a Als Ms. gedr. 
263 |a Erscheint: November 1998 ; Pb. : DM 88.00, sfr 80.00, S 642.00 
264 1 |a Herdecke  |b GCA-Verl.  |c 1998 
300 |a XII, 196 S  |c 21 cm 
336 |a Text  |b txt  |2 rdacontent 
337 |a ohne Hilfsmittel zu benutzen  |b n  |2 rdamedia 
338 |a Band  |b nc  |2 rdacarrier 
490 0 |a Forschen und Wissen - Rechtswissenschaft 
500 |a Literaturverz. S. 185 - 196 
502 |a Zugl.: Trier, Univ., Diss., 1998 
650 0 7 |0 (DE-588)4238467-9  |0 (DE-627)104879297  |0 (DE-576)210413395  |a Beweislastumkehr  |2 gnd 
650 0 7 |0 (DE-588)4057795-8  |0 (DE-627)106149458  |0 (DE-576)209123737  |a Strafrecht  |2 gnd 
650 0 7 |0 (DE-588)4239585-9  |0 (DE-627)104870907  |0 (DE-576)210422718  |a Geldwäsche  |2 gnd 
650 0 7 |0 (DE-588)4159357-1  |0 (DE-627)105485977  |0 (DE-576)209849584  |a Hehlerei  |2 gnd 
651 7 |0 (DE-588)4011882-4  |0 (DE-627)104704861  |0 (DE-576)208896155  |a Deutschland  |2 gnd 
655 7 |a Hochschulschrift  |0 (DE-588)4113937-9  |0 (DE-627)105825778  |0 (DE-576)209480580  |2 gnd-content 
689 0 0 |d g  |0 (DE-588)4011882-4  |0 (DE-627)104704861  |0 (DE-576)208896155  |a Deutschland  |2 gnd 
689 0 1 |d s  |0 (DE-588)4238467-9  |0 (DE-627)104879297  |0 (DE-576)210413395  |a Beweislastumkehr  |2 gnd 
689 0 |5 (DE-627) 
751 |a Trier  |0 (DE-588)4060877-3  |0 (DE-627)106138014  |0 (DE-576)209137053  |4 uvp 
935 |i Blocktest 
935 |h HEB  |i 0501 
935 |h HEB  |i 0503 
936 r v |a PH 3960  |b Begünstigung, Strafvereitelung, Hehlerei, Geldwäsche  |k Rechtswissenschaft  |k Strafrecht, Strafverfahrensrecht, Kriminologie  |k Strafrecht  |k Anschlussstraftaten  |k Begünstigung, Strafvereitelung, Hehlerei, Geldwäsche  |0 (DE-627)1271739844  |0 (DE-625)rvk/136099:  |0 (DE-576)201739844 
936 r v |a PH 4850  |b Allgemeines, auch Beweisverbote  |k Rechtswissenschaft  |k Strafrecht, Strafverfahrensrecht, Kriminologie  |k Strafverfahrensrecht  |k Beweisrecht  |k Allgemeines, auch Beweisverbote  |0 (DE-627)127173866X  |0 (DE-625)rvk/136155:  |0 (DE-576)20173866X 
936 r v |a PH 4730  |b Komplexe Untersuchungen  |k Rechtswissenschaft  |k Strafrecht, Strafverfahrensrecht, Kriminologie  |k Strafverfahrensrecht  |k Allgemeines  |k Komplexe Untersuchungen  |0 (DE-627)1272081095  |0 (DE-625)rvk/136146:  |0 (DE-576)202081095 
936 b k |a 86.34  |j Strafrecht: Allgemeiner Teil  |0 (DE-627)10641674X 
936 s n |a p100  |2 mzub 
951 |a BO 
ELC |b 1 
LOK |0 000 xxxxxcx a22 zn 4500 
LOK |0 001 3281184243 
LOK |0 003 DE-627 
LOK |0 004 250931141 
LOK |0 005 19990628000000 
LOK |0 008 990628||||||||||||||||ger||||||| 
LOK |0 040   |a DE-21-110  |c DE-627  |d DE-21-110 
LOK |0 852   |a DE-21-110 
LOK |0 852 1  |c F II 243  |m p  |9 00 
LOK |0 935   |a k110 
LOK |0 936ln  |a 5.7 
LOK |0 938   |k p 
LOK |0 939   |a 28-06-99  |b l01 
ORI |a SA-MARC-krimdoka001.raw 
SIG |a IFK: F II 243 
TIM |a 100019901003_100020261231  |b 1990-10-03 - 2026